000 00533nam a2200181Ia 4500
003 LDD
008 181101s9999 xx 000 0 und d
020 _c120.00
040 _cLDD
100 _aKhan, Mujeeb Ahmad
245 0 _aGul-e-sad barg
_b (qurratul-ain Hyder ke mazaamin ka majmu'a)
_cMujeeb Ahmad Khan
260 _aNew Delhi
_bMaktaba Jamia Ltd.
_c2006
300 _a136p.
901 _a15920
_b17-03-2017
902 _a2840
_b17-03-2017
_cF
_dPIBD
_e8U
903 _a20
_bReqst by : Moh. Akbar
942 _2ddc
_cUR
999 _c139
_d139